Responses for Show #6891 - Monday, July 28, 2014

2014 Teen Tournament semifinal game 1.

Contestants

[<< previous game]

William Golden, a seventh grader from Houston, Texas

Jeff Xie, a junior from Edison, New Jersey

Sydney Mokel, a senior from South Windsor, Connecticut

[next game >>]

Jeopardy! Round responses

LET'S VISIT D.C.
SHOP CLASS
DOUBLE TALK
FOOD, FAST & SLOW
TV
PLAYWRONGS
(Alex: You have to give us the correct title of the play.)
    $200 6
Thomas Jefferson

Sydney
    $200 21
LEDs

Triple Stumper
    $200 22
pompom

Sydney
    $200 16
(Jeff: What are eggs Benedict?)
(Sydney: What are poached eggs?)
(William: What are scrambled eggs?)

soft-boiled eggs

SydneyJeffWilliam
Triple Stumper
    $200 11
The Bachelor

William
    $200 1
The Importance of Being Earnest

Sydney
    $400 7
White House

Sydney
    $400 28
saw

Sydney
    $400 23
a yo-yo

Sydney
    $400 17
pickle

William
    $400 12
Brian

Jeff
    $400 2
Who's Afraid of Virginia Woolf?

Jeff
    $600 8
Vietnam War

Jeff
    $600 30
shears

Sydney
    $600 24
50-50

Sydney
    $600 18
Butterball

William
    $600 13
Ravenswood

William
    $600 3
Brighton Beach Memoirs

Triple Stumper
    $800 9
Washington Monument

Sydney
    $800 27
welding

William
    $800 25
BB

Jeff
    $800 19
Hot Pocket

Triple Stumper
    $800 14
(Sydney: What is The Secret Life of an American Teenager?) [Originally ruled correct; reversed after first commercial break]

The Secret Life of the American Teenager

Sydney
Triple Stumper
    $800 4
No Exit

Sydney
    $1,600 10
Nathan Hale

Sydney
    $1000 29
(William: What is Apple?)

Forever 21

William
Triple Stumper
    $1000 26
Dada

Sydney
    $1000 20
oatmeal

Jeff
    $1000 15
Hart of Dixie

Triple Stumper
    $1000 5
Arms and the Man

William

Scores at the first commercial break (after clue 15):

Sydney Jeff William
$3,200 $1,400 $1,800

Scores at the end of the Jeopardy! Round:

Sydney Jeff William
$6,200 $3,000 $2,400

Double Jeopardy! Round responses

21st CENTURY NEWS
CELEBRITIES
THE GEOGRAPHIC CENTER
STAMPS
CHEMICAL ELEMENTS
MIDDLE A
(Alex: The letter "A" will be in the exact center of each correct response.)
    $400 1
WikiLeaks

William
    $400 22
Jennifer Lawrence

Sydney
    $400 15
Massachusetts

Jeff
    $400 5
the "Star-Spangled Banner" stamp

Triple Stumper
    $400 9
(Sydney: What is carbon?)
(William: What is iron?)

oxygen

SydneyWilliam
Triple Stumper
    $400 7
swarm

Jeff
    $800 2
John Paul II

Jeff
    $800 25
Paul Walker

William
    $800 16
South America

Jeff
    $800 6
(William: What is a Christmas tree?)

wreath

William
Triple Stumper
    $2,200 10
(Sydney: What is xenon?)

carbon

Sydney
    $800 8
bar

Sydney
    $1200 3
Samsung

Sydney
    $1200 24
Will and Jaden Smith

William
    $1200 18
Iberian

Jeff
    $1200 30
Rosa Parks

Sydney
    $1200 20
phosphorus

William
    $1200 11
playa

Sydney
    $1600 4
nuclear reactor

Triple Stumper
    $1600 26
Mila Kunis

Triple Stumper
    $1600 17
Australia

William
    $1600 28
Empire State Building

Jeff
    $1600 21
Neon

William
    $1600 12
commander

Triple Stumper
    $2000 14
Iceland

William
    $2000 27
Fergie

Triple Stumper
    $2000 19
(Sydney: What is Turkey?)

Russia

Sydney
Triple Stumper
    $2,000 29
Lake Erie

Jeff
    $2000 23
118

Jeff
    $2000 13
shiatsu

Triple Stumper

Scores at the end of the Double Jeopardy! Round:

Sydney Jeff William
$6,400 $12,200 $10,000

[wagering suggestions for these scores]

Final Jeopardy! Round responses

HISTORIC TRANSPORTS
SydneyWhat is the USS M Lusila
$6,400
WilliamWhat is the Maine?
$7,801
JeffWhat is the USS Maine?
$7,801
the U.S.S. Maine

Final scores:

Sydney Jeff William
$0 $20,001 $17,801
3rd place: $10,000 Finalist 2nd place: $10,000

Game dynamics:

Coryat scores:

Sydney Jeff William
$8,000 $12,200 $10,000
17 R
(including 1 DD),
5 W
(including 1 DD)
13 R
(including 1 DD),
1 W
13 R,
4 W

Combined Coryat: $30,200

[game clues] [game scores] [suggest correction]

Game tape date: 2014-03-05
The J! Archive is created by fans, for fans. Scraping, republication, monetization, and malicious use prohibited; this site may use cookies and collect identifying information. See terms. The Jeopardy! game show and all elements thereof, including but not limited to copyright and trademark thereto, are the property of Jeopardy Productions, Inc. and are protected under law. This website is not affiliated with, sponsored by, or operated by Jeopardy Productions, Inc. Join the discussion at JBoard.tv.